| 000 | 00423nam a2200145Ia 4500 | ||
|---|---|---|---|
| 005 | 20250120002513.0 | ||
| 008 | 240331s9999 xx 000 0 und d | ||
| 082 |
_bVYT _a920 |
||
| 100 | _aVythilingam, M (B. A) | ||
| 245 | 4 | _aThe Life of Sir Ponnambalam Ramanathan | |
| 260 |
_aColombo _bRamanathan Commemoration Society _c1971 |
||
| 300 | _aXv, 605 p ., | ||
| 500 | _aA biography of Sir ponnambalam Ramanathan | ||
| 942 | _cL | ||
| 999 |
_c5732 _d5732 |
||